| 000 | 00675nam a2200253Ia 4500 | ||
|---|---|---|---|
| 003 | OSt | ||
| 005 | 20221006144631.0 | ||
| 006 | a|||||r|||| 00| 0 | ||
| 007 | ta | ||
| 008 | 221006b |||||||| |||| 00| 0 eng d | ||
| 020 |
_c _3.95 |
||
| 024 | _a12,197 | ||
| 037 | _cTextual | ||
| 040 |
_aEASL _cEASL _beng |
||
| 041 |
_2eng _aeng |
||
| 082 | _aV41.A, K9 | ||
| 100 | _aLEVENSON Joseph R | ||
| 245 | 0 |
_aChina _b An interpretive history |
|
| 260 |
_aBerkeley _bUniversity of California _c1969 |
||
| 300 |
_a141p. _ccm. |
||
| 700 | _a Schurmann Franz | ||
| 942 |
_hV41.A, K9 _cTEXL _2CC |
||
| 999 |
_c1080283 _d1080283 |
||